| 000 | 00464nam a2200145Ia 4500 | ||
|---|---|---|---|
| 008 | 231129s1996||||xx |||||||||||||| ||spa|| | ||
| 020 | _a958-20-0254-9 | ||
| 040 | _bspa | ||
| 082 | _a372.86 P397e | ||
| 100 | _aPeña C. Clara L | ||
| 245 | 0 | _aEducacion fisica y desarrollo preescolar: guia para la actividad corporal y el desarrollo motriz | |
| 260 | _c1996 | ||
| 264 | _aCooperativa Editorial Magisterio | ||
| 942 |
_2ddc _cBKS |
||
| 999 |
_c9987 _d9987 |
||